000 01278cam a2200373 a 4500
001 10553116
003 ARRUPE
005 20150129141806.0
008 130409s2013 enk 000 0 eng d
020 _a9780745670720 (hardback)
020 _a0745670725 (hardback)
020 _a9780745670737 (pbk.)
020 _a0745670733 (pbk.)
024 _a40022906035
035 _a(OCoLC)837528252
_z(OCoLC)837528254
035 _a(OCoLC)ocn837528252
035 _a(NNC)10553116
040 _aYDXCP
_beng
_cYDXCP
_dBTCTA
_dUKMGB
_dQGK
_dNhCcYBP
050 4 _aBD22
_b.L9613 2013
082 0 4 _a194
_223
100 1 _aLyotard, Jean-François,
_d1924-1998.
_914760
240 1 0 _aPourquoi philosopher?
_lEnglish
245 1 0 _aWhy philosophize? /
_cJean-François Lyotard ; translated by Andrew Brown.
260 _aCambridge, UK ;
_aMalden, MA :
_bPolity Press,
_cc2013.
300 _aviii, 123 p. ;
_c20 cm.
500 _aOriginally published in 212 as Pourquoi philosopher? by Presses Universitaries de France.
546 _aTranslated from the French.
650 0 _aPhilosophy
_vIntroductions.
_914761
700 1 _aBrown, Andrew
_c(Literary translator)
_914762
942 _2lcc
_cMONOGRAPH
948 1 _a20131120
_bc
_cybp21
_dMPS
949 _i0073235903
999 _c121928
_d121928